VAC gia đình

Đã lưu trong:
Sonraí Bibleagrafaíochta
Príomhúdar: Phạm Văn Trang
Formáid: Leabhar
Teanga:Undetermined
Foilsithe: Hà Nội Nông Nghiệp 1999
Ábhair:
Clibeanna: Cuir Clib Leis
Gan Chlibeanna, Bí ar an gcéad duine leis an taifead seo a chlibeáil!
Thư viện lưu trữ: Trung tâm Học liệu Trường Đại học Cần Thơ
LEADER 00549nam a2200193Ia 4500
001 CTU_32897
008 210402s9999 xx 000 0 und d
020 |b 14.000đ 
082 |a 338.16 
082 |b Tr106 
100 |a Phạm Văn Trang 
245 0 |a VAC gia đình 
245 0 |c Phạm Văn Trang 
260 |a Hà Nội 
260 |b Nông Nghiệp 
260 |c 1999 
650 |a agriculture - economic aspects,cropping systems,farm management 
904 |i Minh, 990827 
980 |a Trung tâm Học liệu Trường Đại học Cần Thơ